| 000 | 00945nam a2200253Ia 4500 | ||
|---|---|---|---|
| 003 | IN-BaIIA | ||
| 008 | 211028s9999 xx 000 0 eng d | ||
| 020 | _a981-238-232-1 | ||
| 040 | _cIIA Library | ||
| 080 |
_a535 _bOMI |
||
| 111 |
_aInternational Conference on Optical Commu and Networks _cSingapore _d2002 Nov. 11-14 _927062 |
||
| 245 | 0 |
_aOptical communications and networks _bproceedings of the first International conference held in Shangri-La Hotel, Singapore, November 11-14, 2002 _cedited by C. G. Omidyar, H. G. Shiraz and W. D. Zhong |
|
| 260 |
_aNew Jersey _bWorld Scientific _c2002 |
||
| 300 | _axxii, 430p. | ||
| 650 |
_aAmplifiers _92159 |
||
| 650 |
_aChromatic Dispersion _927063 |
||
| 650 |
_aLasers _93580 |
||
| 650 |
_aOptical Networking _927064 |
||
| 650 |
_aOptical Switching _926184 |
||
| 700 |
_aOmidyar, C. G., ed. _927065 |
||
| 700 |
_aShiraz, H. G., ed. _927066 |
||
| 700 |
_aZhong, W.D. ed. _927067 |
||
| 942 | _cBK | ||
| 999 |
_c14960 _d14960 |
||